| 000 | 00000nam##2200000za#4500 |
| 001 | 9.601204 |
| 003 | CaOODSP |
| 005 | 20210624205946 |
| 007 | cr ||||||||||| |
| 008 | 150406|1994||||xxc|||||o f|0| 0 fre|d |
| 040 | |aCaOODSP|bfre |
| 043 | |an-cn--- |
| 086 | 1 |aC21-24/3-1994F-PDF |
| 110 | 1 |aCanada.|bIndustrie Canada. |bDirection de l'analyse micro-économique. |
| 245 | 10|aDébordements transfrontaliers de R&D entre les industries du Canada et des États-Unis / |h[ressource électronique]|cpar Jeffrey I. Bernstein. |
| 260 | |aOttawa - Ontario : |bIndustrie Canada. |cSeptembre 1994. |
| 300 | |a75p.|btableaux |
| 490 | 1 |aSérie de document de travail|vN° 3 |
| 504 | |aBibliographie. |
| 590 | |a12-10-Supp|b2012-03-23 |
| 720 | 1 |aBernstein, Jeffrey I. |
| 775 | 08|tInternational R&D spillovers between industries in Canada and the United States / |w(CaOODSP)9.570557 |
| 776 | 0#|tDébordements transfrontaliers de R&D entre les industries du Canada et des États-Unis / |w(CaOODSP)9.524851 |
| 776 | 0#|tInternational R&D spillovers between industries in Canada and the United States / |w(CaOODSP)9.524850 |
| 830 | #0|aSérie de document de travail ;|vN° 3|w(CaOODSP)9.501123 |
| 856 | 40|ahttp://publications.gc.ca|qPDF|s234 Ko|uhttps://publications.gc.ca/collections/Collection/C21-24-3-1994F.pdf|yN° 3 |